=LDR 00000nam 2200000 4500 =001 INLIS000000000008538 =005 20130612100407 =008 ***********************************Ind** =035 ##$$0010-061300000008538 =041 ##$$a Ind =082 ##$$a 153 =090 ##$$a 153, Ste l =100 ##$$a Stein, Steven.J =245 ##$$a Ledakan EQ, Steven J.Stein, ph.D =260 ##$$a 2002 $b Bandung =300 ##$$a 324 hlm, 23,5 cm =650 ##$$a Intelegensi Manusia =700 ##$$a Book, Howard E =850 ##$$a NBPNMAT